تأثير الرواية الجزائرية في الرواية الفلسطينية أحلام مستغانمي ويوسف العيلة نموذجا /
Saved in:
| Main Author: | |
|---|---|
| Other Authors: | |
| Format: | Thesis |
| Language: | Arabic |
| Published: |
Nablus :
Jami'ah al-Najah al-Wataniyah,
2005
|
| Subjects: | |
| Tags: |
Add Tag
No Tags, Be the first to tag this record!
|
| LEADER | 020060000a22003370004500 | ||
|---|---|---|---|
| 008 | 130612s2005 gz f 000 0 ara d | ||
| 040 | |a UIAM |b eng | ||
| 041 | |a ara | ||
| 050 | 0 | 0 | |a PJ7850.U88 |
| 100 | 1 | |a ياسين ،رائدة عبد اللطيف حسن | |
| 242 | 1 | 0 | |a Ta'thir al-riwayah al-Jaza'iriyah fi-al-riwayah al-Filastiniyah Ahlam Mustaghanami wa-Yusuf al-'Aylah namuzajan |
| 245 | 1 | 0 | |a تأثير الرواية الجزائرية في الرواية الفلسطينية أحلام مستغانمي ويوسف العيلة نموذجا / |c إعداد، رائدة عبد اللطيف حسن ياسين |
| 260 | |a Nablus : |b Jami'ah al-Najah al-Wataniyah, |c 2005 | ||
| 300 | |a xii, 252 leaves ; |c 30 cm. | ||
| 500 | |a "قدمت هذه الأطروحة إستكمالا لمتطلبات درجة الماجستير في اللغة العربية وآدابها بكلية الدراسات العليا في جامعة النجاح الوطنية في نابلس، فلسطين" -- On t.p | ||
| 500 | |a Abstract in English and Arabic. | ||
| 502 | |a Thesis (M.A.)--Jami'at al-Najah al-Wataniyah, 2005 | ||
| 504 | |a Includes bibliographical references (leaves 247-252). | ||
| 596 | |a 1 | ||
| 600 | 1 | 0 | |a 'Aylah, Yusuf |x Criticism and interpretation |
| 600 | 1 | 0 | |a Mustaghanimi, Ahlam |x Criticism and interpretation |
| 650 | 0 | |a Arabic fiction |x History and criticism |z Algeria | |
| 650 | 0 | |a Arabic fiction |x History and criticism |z Palestine | |
| 650 | 0 | |a Arabic fiction |x History and criticism |y 20th century | |
| 655 | |a Theses, Facsimile edition (Islamic) | ||
| 700 | 1 | |a Yasin, Ra'idah 'Abd al-Latif Hasan | |
| 710 | 2 | |a Jami'at al-Najah al-Wataniyah. |b Kulliyat al-Dirasat al-'Ulya | |
| 710 | 2 | |a جامعة النجاح الوطنية. |b كلية الدراسات العليا | |
| 900 | |a arf-sar | ||
| 999 | |c 435388 |d 465376 | ||
| 952 | |0 0 |6 TI PJ 007850 U88 Z963 2005 |7 0 |8 THESES |9 754754 |a IIUM |b IIUM |c MULTIMEDIA |g 346.00 |o ti PJ 7850 U88 Z963 2005 |p 00011275892 |r 2017-10-23 |t 1 |v 346.00 |y THESIS | ||
